[Event "Corus B"]
[Site "Wijk aan Zee NED"]
[Date "2006.01.24"]
[Round "9"]
[White "Motylev,A"]
[Black "Vescovi,G"]
[Result "1-0"]
[WhiteElo "2638"]
[BlackElo "2633"]

1.e4 c5 2.Nf3 e6 3.d4 cxd4 4.Nxd4 Qb6 5.Nc3 Bc5 6.Na4 Qa5+ 7.c3 Bxd4 8.Qxd4 Nf6
9.Nc5 Nc6 10.Qe3 O-O 11.Nb3 Qa4 12.Nc5 Qa5 13.Nb3 Qa4 14.f3 b6 15.Nd4 Ba6
16.Nxc6 dxc6 17.Qd4 Qxd4 18.cxd4 Bxf1 19.Rxf1 Nd7 20.Be3 f5 21.e5 Rac8 22.O-O-O Nb8
23.Rd3 Kf7 24.Kb1 Ke8 25.Rc1 Kd7 26.Ra3 a5 27.Rb3 b5 28.a4 bxa4 29.Ra3 Na6
30.Rxa4 Nb4 31.Rc5 Nd5 32.Bd2 Nb6 33.Raxa5 Ra8 34.b4 Nd5 35.Kc2 Rfc8 36.Kb3 Rcb8
37.Rxa8 Rxa8 38.Ra5 Rb8 39.Ra7+ Nc7 40.Kc4 Ra8 41.Ra5 Rb8 42.h3 Rf8 43.Kc5 Rb8
44.Ra1 Rb5+ 45.Kc4 Rb8 46.g4 Rf8 47.Kc5 fxg4 48.hxg4 g6 49.Rh1 Rf7 50.f4 Na6+
51.Kb6 Nc7 52.Rh6 Nd5+ 53.Kc5 Ne7 54.Rh1 h5 55.gxh5 gxh5 56.Rxh5 Rg7 57.Rh2 Kc7
58.b5 cxb5 59.Kxb5 Kd7 60.Kc5 Rf7 61.Rh8 Rg7 62.Ba5 Rg8 63.Rh7 Rc8+ 64.Kb5 Ke8
65.Bb6 Ng6 66.f5 exf5 67.Bc5 Nf4 68.e6 Kd8 69.Bb6+  1-0

[Event "Corus B"]
[Site "Wijk aan Zee NED"]
[Date "2006.01.29"]
[Round "13"]
[White "Motylev,A"]
[Black "Koneru,H"]
[Result "1-0"]
[WhiteElo "2638"]
[BlackElo "2537"]

1.e4 e5 2.Nf3 Nf6 3.Nxe5 d6 4.Nf3 Nxe4 5.Nc3 Nf6 6.d4 Be7 7.Bg5 O-O 8.Qd2 c6
9.Bd3 Na6 10.a3 Nc7 11.O-O-O Bg4 12.h3 Bxf3 13.gxf3 Ne6 14.h4 Nh5 15.Rdg1 d5
16.Bxe7 Qxe7 17.Qh6 f5 18.Qxh5 Qf6 19.Ne2 c5 20.dxc5 Rac8 21.Kb1 Rc7 22.f4 Nxc5
23.Qf3 Rd8 24.Qe3 d4 25.Qe5  1-0

[Event "Aeroflot Open"]
[Site "Moscow RUS"]
[Date "2006.02.09"]
[Round "2"]
[White "Dyachkov,S"]
[Black "Motylev,A"]
[Result "1/2-1/2"]
[WhiteElo "2554"]
[BlackElo "2638"]

1.d4 Nf6 2.c4 e6 3.Nc3 Bb4 4.e3 O-O 5.Bd3 d5 6.Nf3 c5 7.O-O dxc4 8.Bxc4 Nbd7
9.Qe2 b6 10.Rd1 cxd4 11.Nxd4 Bb7 12.Bd2  1/2-1/2

[Event "Aeroflot Open"]
[Site "Moscow RUS"]
[Date "2006.02.10"]
[Round "3"]
[White "Motylev,A"]
[Black "Tregubov,P"]
[Result "1/2-1/2"]
[WhiteElo "2638"]
[BlackElo "2556"]

1.e4 c5 2.Nf3 e6 3.d4 cxd4 4.Nxd4 Nc6 5.Nc3 a6 6.Nxc6 bxc6 7.Bd3 d5 8.O-O Qc7
9.Re1 Bb7 10.Qf3 Bd6 11.e5 Bf8 12.Nb1 Ne7 13.c4 dxc4 14.Bxc4  1/2-1/2

[Event "Aeroflot Open"]
[Site "Moscow RUS"]
[Date "2006.02.11"]
[Round "4"]
[White "Khairullin,I"]
[Black "Motylev,A"]
[Result "1/2-1/2"]
[WhiteElo "2533"]
[BlackElo "2638"]

1.e4 e5 2.Nf3 Nc6 3.Bb5 a6 4.Ba4 Nf6 5.O-O Be7 6.Re1 b5 7.Bb3 d6 8.c3 O-O
9.h3 Na5 10.Bc2 c5 11.d4 Qc7 12.Nbd2 cxd4 13.cxd4 Rd8 14.b3 Nc6 15.Bb2 Bb7
16.Rc1 Qb6 17.d5 Nb4 18.Bb1 a5 19.Qe2 Rdc8 20.Rxc8+ Bxc8 21.Rc1 Bd7 22.Ne1 Rc8
23.Rxc8+ Bxc8 24.a3 Na6 25.Nd3 Nc5 26.Nxc5  1/2-1/2

[Event "Aeroflot Open"]
[Site "Moscow RUS"]
[Date "2006.02.13"]
[Round "6"]
[White "Grigoriants,S RUS"]
[Black "Motylev,A"]
[Result "0-1"]
[WhiteElo "2550"]
[BlackElo "2638"]

1.Nf3 Nf6 2.c4 b6 3.Nc3 Bb7 4.d4 e6 5.a3 d5 6.cxd5 Nxd5 7.Bd2 Nd7 8.Qc2 Be7
9.e4 Nxc3 10.Bxc3 O-O 11.Bc4 c5 12.Rd1 cxd4 13.Nxd4 Qc7 14.Ba2 Nf6 15.f3 Rfd8
16.Qe2 a6 17.Rd3 Nd7 18.O-O Nc5 19.Rdd1 Na4 20.Be1 Bc5 21.Bf2 Qe5 22.Qc2 b5
23.b3 Nb6 24.Nc6 Bxf2+ 25.Qxf2 Bxc6 26.Qxb6 Rxd1 27.Rxd1 Be8 28.Bb1 Qc3 29.Qd4 Qxb3
30.e5 Rc8 31.Qd6 Qe3+ 32.Kf1 g6 33.Qxa6 Rc1 34.Qd6 b4 35.a4 Rxd1+ 36.Qxd1 Qxe5
37.Qb3 Qc5 38.Bd3 Qa5 39.Qb2 Qxa4 40.Qd4 b3 41.Qf6 Qd7 42.Be4 Qd1+ 43.Kf2 Qd2+
44.Kg3 b2 45.Kh3 Bc6 46.Bb1 Bb5 47.Qe5 Bf1 48.Qb8+ Kg7 49.Qe5+ Kh6 50.Qg3 g5
51.Be4 f6 52.f4 Qxf4  0-1

[Event "Aeroflot Open"]
[Site "Moscow RUS"]
[Date "2006.02.14"]
[Round "7"]
[White "Motylev,A"]
[Black "Sargissian,G"]
[Result "1-0"]
[WhiteElo "2638"]
[BlackElo "2603"]

1.e4 e5 2.Nf3 Nc6 3.Bb5 a6 4.Ba4 Nf6 5.O-O Be7 6.Re1 b5 7.Bb3 O-O 8.c3 d5
9.exd5 Nxd5 10.Nxe5 Nxe5 11.Rxe5 c6 12.d4 Bd6 13.Re1 Qh4 14.g3 Qh3 15.Re4 g5
16.Qf1 Qxf1+ 17.Kxf1 Bf5 18.Nd2 Rae8 19.f3 Nf6 20.Rxe8 Rxe8 21.Kf2 g4 22.Bd1 gxf3
23.Nxf3 Ng4+ 24.Kg1 c5 25.Bd2 Ne3 26.Bxe3 Rxe3 27.Kf2 Re8 28.Bb3 c4 29.Bd1 a5
30.Be2 a4 31.a3 Bf8 32.Nh4 Bh3 33.Bf3 Bh6 34.Ng2 Bxg2 35.Bxg2 Re6 36.Bh3 Rf6+
37.Ke2 Kf8 38.Bd7 Rb6 39.d5 Ke7 40.Bc6 Bg7 41.Rf1 Rb8 42.Rf5 h6 43.Kd1 Rb6
44.Kc2 Kf8 45.Rh5 Kg8 46.Rh4 Kf8 47.Re4 Rb8 48.d6 Bf6 49.d7 Rb6 50.Re8+ Kg7
51.Rc8 Be7 52.h4 Kf6 53.Bg2 Rd6 54.Bc6  1-0

[Event "XIII TCh-RUS"]
[Site "Sochi RUS"]
[Date "2006.04.20"]
[Round "1"]
[White "Yemelin,V"]
[Black "Motylev,A"]
[Result "1/2-1/2"]
[WhiteElo "2520"]
[BlackElo "2660"]

1.e4 c5 2.Nf3 d6 3.d4 cxd4 4.Nxd4 Nf6 5.Nc3 Nc6 6.Bg5 e6 7.Qd2 Be7 8.O-O-O Qb6
9.Bxf6 Bxf6 10.Nxc6 bxc6 11.Na4 Qb7 12.Qxd6 Be7 13.Qd4 O-O 14.e5 Rb8 15.Bd3 Qc7
16.c4 f5 17.Bc2 c5 18.Qe3 Qb7 19.g3 Bd7 20.Qa3 Bc6 21.Rhe1 Qa6 22.f4 Qxc4
23.Nc3 Qb4 24.Qxb4 cxb4 25.Ne2 Bd5 26.Bb3 Bxb3 27.axb3 Rbc8+ 28.Kb1 Rfd8
29.Rxd8+ Rxd8 30.Kc2 Rc8+ 31.Kd2 Rd8+ 32.Kc2 Rc8+ 33.Kd2 Rd8+  1/2-1/2

[Event "XIII TCh-RUS"]
[Site "Sochi RUS"]
[Date "2006.04.24"]
[Round "5"]
[White "Motylev,A"]
[Black "Mamedyarov,S"]
[Result "0-1"]
[WhiteElo "2660"]
[BlackElo "2699"]

1.e4 e5 2.Nf3 Nc6 3.Bb5 a6 4.Ba4 Nf6 5.O-O Be7 6.Re1 b5 7.Bb3 d6 8.c3 O-O
9.h3 Na5 10.Bc2 c5 11.d4 Nd7 12.Nbd2 cxd4 13.cxd4 Nc6 14.Nb3 a5 15.Bd3 Ba6
16.d5 Nb4 17.Bb1 a4 18.Nbd4 exd4 19.a3 Nxd5 20.exd5 Bf6 21.Nxd4 Re8 22.Rxe8+ Qxe8
23.Bc2 g6 24.Bf4 Rc8 25.Rc1 Nb6 26.Bxd6 Qd8 27.Bf4 Qxd5 28.Be3 Nc4 29.b3 Nxe3
30.fxe3 Bxd4  0-1

[Event "XIII TCh-RUS"]
[Site "Sochi RUS"]
[Date "2006.04.25"]
[Round "6"]
[White "Potkin,V"]
[Black "Motylev,A"]
[Result "1/2-1/2"]
[WhiteElo "2547"]
[BlackElo "2660"]

1.e4 e5 2.Nf3 Nf6 3.d4 Nxe4 4.Bd3 d5 5.Nxe5 Nd7 6.Nxd7 Bxd7 7.O-O Bd6 8.c4 c6
9.cxd5 cxd5 10.Nc3 Nxc3 11.bxc3 O-O 12.Qh5 g6 13.Qxd5 Bc6 14.Qg5 Qc7 15.c4 Bxh2+
16.Kh1 Bd6 17.d5 Rae8  1/2-1/2

[Event "XIII TCh-RUS"]
[Site "Sochi RUS"]
[Date "2006.04.27"]
[Round "8"]
[White "Motylev,A"]
[Black "Kharlov,A"]
[Result "1/2-1/2"]
[WhiteElo "2660"]
[BlackElo "2555"]

1.e4 e5 2.Nf3 Nc6 3.Bb5 a6 4.Ba4 d6 5.Bxc6+ bxc6 6.d4 f6 7.O-O g6 8.Qd3 Nh6
9.Qc3 exd4 10.Qxc6+ Bd7 11.Qd5 c5 12.c3 dxc3 13.Nxc3 Nf7 14.Bf4 Be7 15.Nd2 O-O
16.Nc4 Rc8 17.Rfd1 Rc6 18.e5 fxe5 19.Bxe5 Qc8 20.Bg3 Kg7 21.Ne5 Nxe5 22.Bxe5+ dxe5
23.Qxd7 Qxd7 24.Rxd7 Rf7 25.Ne4 c4 26.Rc1 Bb4 27.Rd5 Rb7 28.g3 Be7 29.Rxe5 Kf7
30.Rc2 Rcb6 31.Rxc4 Rxb2 32.Ra5 R7b4 33.Rxb4 Rxb4 34.Nc3 Rc4 35.Ne2 Rc6 36.Nd4 Rd6
37.Nf3 Bd8 38.Ra4 Ke6 39.Kg2 Bf6 40.g4 h6 41.h4 Bd8 42.Rc4 Rd5 43.Rc6+ Rd6
44.Rc8 a5 45.a4 Kd5 46.Rc2 g5 47.h5 Bf6 48.Rd2+ Kc5 49.Rxd6 Kxd6 50.Nd2 Kd5
51.Kf3 Bg7 52.Ke3 Kc5 53.Ke4 Kb4 54.Kf5 Kxa4 55.Kg6 Bf8 56.Nc4 Kb4 57.Nxa5 Kxa5
58.Kf7 Bc5 59.f3 Kb5 60.Kg7 Kc4 61.Kxh6 Be3 62.Kg6 Kd3 63.h6 Ke2 64.h7 Bd4
65.Kxg5 Kxf3 66.Kf5 Bh8 67.g5 Kg3 68.Kg6 Kf4 69.Kf7  1/2-1/2

[Event "XIII TCh-RUS"]
[Site "Sochi RUS"]
[Date "2006.04.29"]
[Round "10"]
[White "Kornev,Alexei"]
[Black "Motylev,A"]
[Result "0-1"]
[WhiteElo "2575"]
[BlackElo "2660"]

1.d4 d5 2.c4 c6 3.e3 Nf6 4.Nc3 e6 5.Nf3 Nbd7 6.Qc2 Bd6 7.b3 b6 8.Be2 Bb7
9.O-O O-O 10.Bb2 Qe7 11.Rad1 Rfe8 12.Rfe1 Rad8 13.Bf1 c5 14.cxd5 exd5 15.Qf5 Qe6
16.Qxe6 fxe6 17.g3 a6 18.Bg2 b5 19.dxc5 Nxc5 20.b4 Ncd7 21.a3 e5 22.Nd2 Nb6
23.Rc1 Bc8 24.h3 Bb8 25.Red1 Be6 26.Ba1 Bf7 27.Ne2 Nc4 28.Nxc4 bxc4 29.Rd2 Ba7
30.Rcd1 h6 31.Bc3 Bb6 32.Kf1 h5 33.a4 Ba7 34.b5 axb5 35.axb5 Bc5 36.Rb2 Bb6
37.Ra2 d4 38.exd4 exd4 39.Nxd4 Bd5 40.Ra6 Bc5 41.Nf3 Ne4 42.Ba5 c3 43.Bxd8 c2
44.Rda1 Nxg3+ 45.Kg1 Ne2+ 46.Kh1 Rxd8 47.Ng5 Bf8 48.h4 c1=Q+ 49.Rxc1 Bxg2+
50.Kxg2 Nxc1 51.Ne6 Rb8 52.Rc6 Nd3 53.Nc7 Ne5 54.Re6 Nd7 55.Rc6 Rb7 56.f4 Kf7
57.Kf3 Nb8 58.Rc3 Bd6 59.Nd5 Rxb5 60.Rd3 Bf8 61.Ne3 Be7 62.Kg3 Nc6  0-1

[Event "59th ch-RUS 1st League"]
[Site "Tomsk RUS"]
[Date "2006.09.03"]
[Round "1"]
[White "Chernyshov,K"]
[Black "Motylev,A"]
[Result "1-0"]
[WhiteElo "2537"]
[BlackElo "2662"]

1.e4 c5 2.Nf3 Nc6 3.Bb5 g6 4.O-O Bg7 5.h3 Nf6 6.d3 O-O 7.Nc3 Nd4 8.Bc4 d6
9.Bg5 h6 10.Be3 Ne8 11.Nh2 e6 12.a4 b6 13.Qd2 Kh7 14.Rae1 Bb7 15.f4 d5 16.Ba2 dxe4
17.dxe4 Nd6 18.e5 N6f5 19.Bc4 Ng3 20.Rf2 Qc8 21.Bxd4 Rd8 22.Bd3 Nf5 23.Bxc5 Qxc5
24.Qe2 Rd4 25.g4 Nh4 26.Qe3 Rad8 27.Qg3 Qc6 28.Be4 Rxe4 29.Nxe4 Rd4 30.Rfe2 Qxa4
31.b3 Qd7  1-0

[Event "59th ch-RUS 1st League"]
[Site "Tomsk RUS"]
[Date "2006.09.04"]
[Round "2"]
[White "Motylev,A"]
[Black "Nechepurenko,R"]
[Result "1-0"]
[WhiteElo "2662"]
[BlackElo "2463"]

1.e4 c5 2.Nf3 d6 3.d4 cxd4 4.Nxd4 Nf6 5.Nc3 a6 6.f3 e5 7.Nb3 Be6 8.Be3 Nbd7
9.g4 b5 10.g5 b4 11.Ne2 Nh5 12.Qd2 a5 13.Ng3 Nxg3 14.hxg3 a4 15.Nc1 Qa5 16.f4 g6
17.Nd3 Bg7 18.f5 gxf5 19.exf5 Bxf5 20.Nxb4 d5 21.Nxd5 Be4 22.Qxa5 Rxa5 23.Nc7+ Kd8
24.Rh4 Bc6 25.Bd2 Ra7 26.Nb5 Ra8 27.O-O-O Bf3 28.Re1 Bf8 29.Bc4 Bc5 30.Be3 Rc8
31.Bxc5 Rxc5 32.Nd6 Ke7 33.Nf5+ Kf8 34.b4 Rc7 35.Bb5 a3 36.Re3 Bd5 37.Bxd7 Rxd7
38.Rxa3 Rg8 39.Rc4 Rd8 40.Rd3 Rxg5 41.Rxd5  1-0

[Event "59th ch-RUS 1st League"]
[Site "Tomsk RUS"]
[Date "2006.09.05"]
[Round "3"]
[White "Vorobiov,E"]
[Black "Motylev,A"]
[Result "1/2-1/2"]
[WhiteElo "2539"]
[BlackElo "2662"]

1.e4 c6 2.Nf3 d5 3.Nc3 Bg4 4.h3 Bxf3 5.Qxf3 e6 6.Be2 g6 7.d4 Bg7 8.Be3 Nf6
9.O-O-O b5 10.exd5 exd5 11.Bd3 O-O 12.g4 Nbd7 13.h4 h5 14.gxh5 Nxh5 15.Ne2 Qf6  1/2-1/2

[Event "59th ch-RUS 1st League"]
[Site "Tomsk RUS"]
[Date "2006.09.06"]
[Round "4"]
[White "Motylev,A"]
[Black "Belozerov,A"]
[Result "1-0"]
[WhiteElo "2662"]
[BlackElo "2518"]

1.e4 c5 2.Nf3 e6 3.d4 cxd4 4.Nxd4 Nc6 5.Nc3 d6 6.Be3 Nf6 7.f3 Be7 8.Qd2 O-O
9.g4 d5 10.g5 Nxd4 11.Qxd4 Nh5 12.O-O-O Bxg5 13.Kb1 Bxe3 14.Qxe3 Qf6 15.exd5 Nf4
16.d6 Bd7 17.Bb5 Bxb5 18.Nxb5 Nd5 19.Qe4 Rfd8 20.Nc7 Rac8 21.Nxd5 exd5 22.Rxd5 Rxd6
23.Rxd6 Qxd6 24.Qxb7 Qc5 25.Qe4 Rd8 26.a3 h5 27.Re1 Rd2 28.Re2 Rxe2 29.Qxe2 g5
30.c4 g4 31.fxg4 Qg1+ 32.Ka2 hxg4 33.Qe5 Qc1 34.Kb3 Qd1+ 35.Kb4 Qd2+ 36.Kb5 f5
37.c5 f4 38.c6 f3 39.c7 Qd7+ 40.Kc5 f2 41.Qd5+ Qxd5+ 42.Kxd5 f1=Q 43.c8=Q+ Kf7
44.Qe6+ Kf8 45.Qe5 Kf7 46.Qe6+ Kf8 47.Qxg4 Qb5+ 48.Ke4 Qxb2 49.Qf5+ Kg8 50.Qd5+ Kh7
51.Qf5+ Kg8 52.Qg4+ Kf7 53.Qf4+ Kg8 54.Qd6 a5 55.Kf5 Qf2+ 56.Kg6 Qc2+ 57.Kf6 Qf2+
58.Ke7 Qh4+ 59.Kd7 Qa4+ 60.Kc7 Qe4 61.Kb6 Qf5 62.a4 Kf7 63.Qc7+ Ke8 64.Qc5 Qh3
65.Qe5+ Kd7 66.Qc7+ Ke8 67.Qe5+ Kd7 68.Kxa5 Kc6 69.Qe4+ Kc5 70.Qe7+ Kc6 71.Qe4+ Kc5
72.Qc2+ Kd5 73.Kb4 Qg4+ 74.Ka3 Kd6 75.Qd3+ Kc6 76.Qc3+ Kd7 77.a5 Qe2 78.h4 Qd1
79.Qg7+ Ke6 80.Qg6+ Ke7 81.Qe4+ Kd6 82.Qb4+ Kc7 83.Qc4+ Kd6 84.Kb4 Qe1+ 85.Ka4 Qh1
86.Qd4+ Kc6 87.a6 Qf1 88.Qc3+ Kb6 89.Qb4+ Kc6 90.Qb7+ Kc5 91.Qc7+ Kd5 92.Qd7+ Kc5
93.Qe7+ Kc6 94.Qe6+ Kc5 95.Qc8+ Kb6 96.Qb7+ Kc5 97.Qc7+ Kd5 98.a7 Qa1+  1-0

[Event "59th ch-RUS 1st League"]
[Site "Tomsk RUS"]
[Date "2006.09.07"]
[Round "5"]
[White "Zakhartsov,V"]
[Black "Motylev,A"]
[Result "0-1"]
[WhiteElo "2548"]
[BlackElo "2662"]

1.d4 Nf6 2.c4 e6 3.Nc3 Bb4 4.Qc2 d5 5.a3 Bxc3+ 6.Qxc3 Ne4 7.Qc2 e5 8.cxd5 Bf5
9.Qa4+ Nd7 10.Nf3 O-O 11.dxe5 c6 12.g3 Ndc5 13.Qd1 Qb6 14.Nd4 Rad8 15.d6 Ne6
16.e3 Qa5+ 17.b4 Qxe5 18.Bb2 Nxd6 19.Be2 Nb5 20.Bxb5 Nxd4 21.Bxd4 Qxb5 22.f3 Rfe8
23.Kf2 a5 24.Qd2 b6 25.Qc3 c5 26.bxc5 bxc5 27.Qxc5 Qxc5 28.Bxc5 Rd2+ 29.Ke1 Rc2
30.Bd4 Bh3 31.Kd1 Rec8 32.Rg1 Bg2 33.f4 Bf3+ 34.Ke1 Re2+ 35.Kf1 Rxh2 36.g4 Be4
37.g5 Rcc2 38.Ke1 Rhe2+ 39.Kd1 Rcd2+ 40.Kc1 Rc2+ 41.Kd1 a4 42.Rg3 Red2+ 43.Ke1 Rh2
44.Rg1 Rce2+ 45.Kd1 Bf3 46.Kc1 Rc2+  0-1

[Event "59th ch-RUS 1st League"]
[Site "Tomsk RUS"]
[Date "2006.09.08"]
[Round "6"]
[White "Motylev,A"]
[Black "Grigoriants,S RUS"]
[Result "1/2-1/2"]
[WhiteElo "2662"]
[BlackElo "2579"]

1.e4 e5 2.Nf3 Nc6 3.Bb5 a6 4.Ba4 Nf6 5.O-O Be7 6.Re1 b5 7.Bb3 d6 8.c3 O-O
9.h3 Nb8 10.d4 Nbd7 11.Nbd2 Bb7 12.Bc2 Re8 13.Nf1 Bf8 14.Ng3 g6 15.b3 c6
16.Bg5 Bg7 17.Qd2 Qe7 18.a4 Qf8 19.Rad1 Rac8 20.Bd3 h6 21.Be3 Rcd8 22.Qa2 Ra8
23.Bc1 Re6 24.Qd2 Qb8 25.c4 bxa4 26.bxa4 Re8 27.Bb2  1/2-1/2

[Event "59th ch-RUS 1st League"]
[Site "Tomsk RUS"]
[Date "2006.09.09"]
[Round "7"]
[White "Vitiugov,N"]
[Black "Motylev,A"]
[Result "1-0"]
[WhiteElo "2555"]
[BlackElo "2662"]

1.d4 Nf6 2.c4 g6 3.Nc3 Bg7 4.e4 d6 5.Be2 O-O 6.Bg5 Na6 7.Nf3 Qe8 8.O-O h6
9.Be3 Ng4 10.Bd2 e5 11.dxe5 Nxe5 12.Nd4 c6 13.Be3 f5 14.Qd2 Kh7 15.exf5 gxf5
16.f4 Nd7 17.Rae1 Nf6 18.Bd3 Ng4 19.Nc2 Nxe3 20.Nxe3 Qg6 21.Kh1 h5 22.Rf3 Nc5
23.Bc2 Bxc3 24.Qxc3 Ne4 25.Qd4 Re8 26.Rd1 Qg7 27.Bxe4 Qxd4 28.Bxf5+ Bxf5
29.Rxd4 Re4 30.Rxe4 Bxe4 31.Rh3 Kh6 32.Kg1 Rf8 33.Rh4 Kg6 34.Nf1 Bb1 35.a3 Rf5
36.Ng3 Ra5 37.f5+ Kf6 38.Rxh5 Ra4 39.Rh6+ Ke7 40.Rh7+ Kf6 41.Rh6+ Ke7 42.Re6+  1-0

[Event "59th ch-RUS 1st League"]
[Site "Tomsk RUS"]
[Date "2006.09.10"]
[Round "8"]
[White "Motylev,A"]
[Black "Lysyj,I"]
[Result "1/2-1/2"]
[WhiteElo "2662"]
[BlackElo "2547"]

1.e4 e6 2.d4 d5 3.Nc3 dxe4 4.Nxe4 Nd7 5.Nf3 Ngf6 6.Nxf6+ Nxf6 7.c3 c5 8.Ne5 a6
9.Be3 Qc7 10.Bd3 cxd4 11.Bxd4 Bc5 12.Bxc5 Qxe5+ 13.Be3 Nd5 14.Qa4+ Bd7 15.Qd4 Qxd4
16.Bxd4 f6 17.O-O-O Kf7 18.c4 Rac8 19.b3 b5 20.Kb2 bxc4 21.Bxc4 Bb5 22.Bxd5 exd5
23.Be3 Bc6 24.Rd4 Rhe8 25.Rc1 Re4 26.Rxe4 dxe4 27.Ka3 Bb7 28.Rxc8 Bxc8 29.Kb4 Bd7
30.Kc5 Bb5 31.a4 Bd3 32.b4 Ke6 33.Bd4 Kd7 34.g3 Be2 35.h4 Bd3 36.Bc3 Ke6
37.Bd2 h5 38.b5 axb5 39.axb5 Kd7 40.Bc3 Be2 41.Bd2 Bd3 42.Bf4 Be2 43.Bc1 Bd3
44.Bd2 Be2 45.Bb4 Bd3 46.Kb6 Be2 47.Bf8 g6 48.Kc5 f5 49.Bh6 Kc7 50.Be3 Kb7
51.b6 Bf3 52.Kd6 Bg4 53.Ke5 Kc6 54.Kf6 Kb7 55.Kxg6 Kc6 56.Kf6 Kb7 57.Ke5 Kc6
58.Bd4 Kb7 59.Kd5 Bf3 60.Kc5 Bg4 61.Be3  1/2-1/2

[Event "59th ch-RUS 1st League"]
[Site "Tomsk RUS"]
[Date "2006.09.11"]
[Round "9"]
[White "Khairullin,I"]
[Black "Motylev,A"]
[Result "1-0"]
[WhiteElo "2538"]
[BlackElo "2662"]

1.e4 c5 2.Nf3 Nc6 3.d4 cxd4 4.Nxd4 e6 5.Nc3 Qc7 6.Be3 a6 7.Qd2 Nf6 8.O-O-O Bb4
9.f3 Ne5 10.Nb3 b5 11.Qe1 Be7 12.f4 Ng6 13.e5 Ng4 14.Bd2 Bb7 15.h3 Bh4 16.g3 Bxh1
17.hxg4 Be7 18.f5 exf5 19.gxf5 Nxe5 20.Bf4 Bf6 21.Bxb5 O-O 22.Qxh1 axb5 23.Nd5 Qd8
24.Qh5 Re8 25.Rh1 h6 26.Kb1 d6 27.Nd4 Nd7 28.Nc6 Qc8 29.Bxh6  1-0

[Event "Bundesliga 2006-7"]
[Site "Bindlach GER"]
[Date "2006.10.28"]
[Round "1"]
[White "Motylev,A"]
[Black "Naiditsch,A"]
[Result "1-0"]
[WhiteElo "2638"]
[BlackElo "2657"]

1.d4 Nf6 2.c4 e6 3.Nc3 Bb4 4.Qc2 O-O 5.a3 Bxc3+ 6.Qxc3 b5 7.cxb5 c6 8.e3 cxb5
9.Bxb5 Ne4 10.Qb3 Ba6 11.Qa4 Qg5 12.Bf1 Bxf1 13.Kxf1 Nc6 14.f3 Nd6 15.Ne2 Rab8
16.Kf2 Qh4+ 17.g3 Qh3 18.Qd1 g5 19.b3 f5 20.a4 Nb4 21.Ba3 Ne4+ 22.fxe4 Nd3+
23.Kg1 fxe4 24.Bxf8 Rxf8 25.Ra2 Nb4 26.Nc1 Nxa2 27.Nxa2 h5 28.Qe2 Rf3 29.Nc3 Qg4
30.Kg2 h4 31.Rf1 h3+ 32.Kg1 Qf5 33.Qd1 g4 34.Rxf3 exf3 35.Kf2 d5 36.Qb1 Qg5
37.Qd3 Kg7 38.Qc2 e5 39.dxe5 Qxe5 40.Qd3  1-0

[Event "Bundesliga 2006-7"]
[Site "Bindlach GER"]
[Date "2006.10.29"]
[Round "2"]
[White "Miezis,N"]
[Black "Motylev,A"]
[Result "1-0"]
[WhiteElo "2470"]
[BlackElo "2638"]

1.c4 e5 2.g3 Nf6 3.Bg2 d5 4.cxd5 Nxd5 5.Nc3 Nb6 6.Nf3 Nc6 7.Rb1 Be6 8.O-O a5
9.b3 Be7 10.Bb2 O-O 11.Rc1 f6 12.d4 Nxd4 13.Nxd4 exd4 14.Ne4 d3 15.exd3 a4
16.Re1 Bd5 17.Bh3 axb3 18.Bf5 g6 19.Qg4 Bf7 20.Qh4 Nd5 21.Qh6 gxf5 22.Ng5 Bg6
23.Ne6 Rf7 24.Nxd8 Rxd8 25.axb3 f4 26.Rc4 Bf8 27.Qh4 fxg3 28.hxg3 Bg7 29.Bc1 Bxd3
30.Rd4 Bg6 31.Bh6 c6 32.Kg2 Rfd7 33.Rg4 Bxh6 34.Qxh6 Rg7 35.Qh4 Rf8 36.Rd4 f5
37.Rxd5 cxd5 38.Qd4 f4 39.Qxd5+ Kh8 40.Qd6 Kg8 41.Qd5+ Kh8 42.Qc5 Kg8 43.g4 Bf7
44.f3 Bxb3 45.Re4 Rg6 46.Kf2 Ba2 47.Qb5 h6 48.Qxb7 Rgf6 49.Qb5 Bf7 50.Kg2 Bg6
51.Qc4+ Kg7 52.Re5 R8f7 53.Qd4 Kh7 54.Kh3 Rf8 55.Kh4 R8f7 56.Re8 Rf8 57.Re7+ R6f7
58.Re6 Rg7 59.Qb6 Rff7 60.Qd6 Rg8 61.Rf6 Rxf6 62.Qxf6 Be8 63.Qxf4 Bd7 64.Qe4+ Kh8
65.Kh5  1-0

[Event "10th Corsica Masters KO"]
[Site "Bastia FRA"]
[Date "2006.11.05"]
[Round "1.2"]
[White "Gagunashvili,M"]
[Black "Motylev,A"]
[Result "0-1"]
[WhiteElo "2611"]
[BlackElo "2662"]

1.d4 Nf6 2.c4 g6 3.Nf3 Bg7 4.Nc3 O-O 5.Bg5 c5 6.e3 cxd4 7.exd4 d5 8.Bxf6 Bxf6
9.cxd5 a6 10.a4 Bg4 11.Be2 Qb6 12.Qd2 Bxf3 13.Bxf3 Bxd4 14.O-O Nd7 15.Rad1 Bxc3
16.Qxc3 Qd6 17.Rfe1 Rac8 18.Qe3 Rfe8 19.Bg4 Rc7 20.Bxd7 Rxd7 21.h4 Qb4 22.Qd4 Qxd4
23.Rxd4 Rc8 24.Red1 Rd6 25.R1d2 Rc1+ 26.Kh2 h5 27.g3 Kf8 28.Kg2 Ke8 29.Rb4 Rc7
30.Kf3 Kd8 31.Rf4 Ke8 32.Rb4 b6 33.Rbd4 Rc1 34.Ke3 Rc5 35.Kf3 Rf6+ 36.Ke3 Kd7
37.Rb4 Rd6 38.Rf4 Ke8 39.Rfd4 Rc1 40.Ke2 Kd7 41.Rf4 f5 42.Rb4 Ke8 43.Rbd4 Kf7
44.Ke3 Kf6 45.Kf4 Rc5 46.Ke3 Ke5 47.f4+ Kf6 48.Rb4 Rc1 49.Kf3 e5 50.fxe5+ Kxe5
51.Re2+ Kf6 52.Rb3 Rd1 53.Re8 R1xd5 54.Rf8+ Kg7 55.Rb8 Rd3+ 56.Rxd3 Rxd3+
57.Kf4 Rb3 58.Ke5 Re3+ 59.Kf4 Re4+ 60.Kf3 Rb4 61.a5 bxa5 62.Ra8 Rb6 63.Kf4 Kf6
64.Ra7 a4 65.Ra8 Rb4+ 66.Kf3 Rb3+ 67.Kf4 Rb4+ 68.Kf3 Rb6 69.Kf4 Ke6 70.Kg5 Kd5
71.Rg8 Kc4 72.Rc8+ Kb3 73.Rb8 Rxb8  0-1

[Event "TCh-NED 2006-7"]
[Site "Netherlands NED"]
[Date "2006.11.11"]
[Round "3"]
[White "Motylev,A"]
[Black "Bosman,M"]
[Result "1/2-1/2"]
[WhiteElo "2662"]
[BlackElo "2339"]

1.e4 e5 2.Nf3 Nc6 3.Bb5 Nf6 4.O-O Bc5 5.Nxe5 Nxe5 6.d4 a6 7.Be2 Be7 8.dxe5 Nxe4
9.Bc4 O-O 10.Re1 Nc5 11.Bf4 b5 12.Bd5 c6 13.Bf3 Ne6 14.Bg3 f5 15.exf6 Bxf6
16.a4 Bxb2 17.Ra2 Bf6 18.axb5 Nd4 19.bxc6 dxc6 20.Be4 Ra7 21.c3 Nf5 22.Qb3+ Kh8
23.Bxc6 Nxg3 24.hxg3 Re7 25.Rae2 Bf5 26.Na3 Rxe2 27.Rxe2 Qc7 28.Qd5  1/2-1/2

[Event "Bundesliga 2006-7"]
[Site "Solingen GER"]
[Date "2006.12.09"]
[Round "5"]
[White "Nikolic,Pr"]
[Black "Motylev,A"]
[Result "0-1"]
[WhiteElo "2626"]
[BlackElo "2662"]

1.d4 Nf6 2.Nf3 d5 3.c4 e6 4.Bg5 h6 5.Bxf6 Qxf6 6.Nbd2 Nd7 7.Rc1 c6 8.g3 Qe7
9.Bg2 g6 10.O-O Bg7 11.e4 dxe4 12.Nxe4 Nf6 13.Nc5 O-O 14.b4 Rd8 15.Qb3 Qc7
16.b5 Nd7 17.Ne4 f5 18.Ned2 c5 19.Qe3 Kh7 20.Nb3 cxd4 21.Nfxd4 Nf6 22.Rfe1 Re8
23.c5 e5 24.b6 axb6 25.Nb5 Qe7 26.Nd6 Rd8 27.Qxe5 Qxe5 28.Rxe5 Rxa2 29.Bxb7 Bxb7
30.Nxb7 Rd7 31.c6 Rc7 32.Nd8 Ne4 33.Rd5 Nc3 34.Rd6 Ne2+ 35.Kg2 Nxc1 36.Nxc1 Rc2
37.Nd3 Rd2 38.Kf3 Bf8 39.Rd5 Bc5 40.Kf4 h5 41.h4 Kh6 42.Kf3 Re7 43.c7 Rxc7
44.Ne6 Re7 45.Nef4 Re4 46.Rxc5 Rxf4+  0-1

[Event "Bundesliga 2006-7"]
[Site "Solingen GER"]
[Date "2006.12.10"]
[Round "6"]
[White "Motylev,A"]
[Black "Rustemov,A"]
[Result "1/2-1/2"]
[WhiteElo "2662"]
[BlackElo "2552"]

1.e4 e5 2.Nf3 Nf6 3.Nxe5 d6 4.Nf3 Nxe4 5.Nc3 Nxc3 6.dxc3 Be7 7.Be3 Nc6 8.Qd2 a6
9.O-O-O Be6 10.Kb1 Qd7 11.h4 O-O-O 12.Ng5 Bxg5 13.hxg5 Rdf8 14.Bd4 f6 15.gxf6 gxf6
16.Be3 h5 17.Rh4 Rfg8 18.f3 Re8 19.b3 Qf7 20.Qf2 Bf5 21.Bc1 Kb8 22.Bc4 Be6
23.Bf1 Rhg8 24.c4 b6 25.Bb2 a5 26.Rf4 f5 27.Rh4 Bc8 28.Qg1 Re7 29.Qh2 Rge8
30.Bc3 Qe6 31.Rxh5 Qe3 32.Bd3 Nb4 33.Bxb4 axb4 34.Qg1 Qe5 35.Qf2 Qc3 36.Rhh1 Rg7
37.Qd2 f4 38.Be4 Qxd2 39.Rxd2 Bb7 40.Bxb7 Kxb7 41.Kb2 Re3 42.Rh4 Rf7 43.a3 bxa3+
44.Kxa3 Kc6 45.Rg4 b5 46.cxb5+ Kxb5 47.Rd5+ Kc6 48.Rd4 Re2 49.Kb2 Rf5 50.Rc4+ Kb6
51.Rb4+ Kc5 52.Rbxf4 Rxf4 53.Rxf4 Rxg2 54.Kc3 Rf2 55.Kd3 d5 56.c4 c6 57.b4+ Kd6
58.cxd5 cxd5 59.Rf6+ Ke5 60.Rf8 Rb2 61.f4+ Kd6 62.Rf6+ Kd7 63.Rb6 Rf2 64.Ke3 Rf1
65.b5 d4+ 66.Ke4 d3 67.Kxd3  1/2-1/2

[Event "Bundesliga 2006-7"]
[Site "Berlin GER"]
[Date "2007.01.02"]
[Round "7"]
[White "Motylev,A"]
[Black "Landa,K"]
[Result "1/2-1/2"]
[WhiteElo "2647"]
[BlackElo "2596"]

1.e4 e5 2.Nf3 Nc6 3.Bb5 a6 4.Ba4 Nf6 5.O-O Bc5 6.c3 b5 7.Bb3 d6 8.Re1 O-O
9.a4 Bg4 10.h3 Bxf3 11.Qxf3 b4 12.a5 Na7 13.d3 bxc3 14.bxc3 Rb8 15.Bc4 Nb5
16.Bg5 c6 17.Bxb5  1/2-1/2

[Event "Bundesliga 2006-7"]
[Site "Katernberg GER"]
[Date "2007.02.03"]
[Round "8"]
[White "Motylev,A"]
[Black "Lutz,Ch"]
[Result "1-0"]
[WhiteElo "2647"]
[BlackElo "2580"]

1.e4 c5 2.Nf3 e6 3.d4 cxd4 4.Nxd4 Nc6 5.Nc3 a6 6.Be3 Nf6 7.f4 Bb4 8.Bd3 Qb6
9.Nf5 Qa5 10.Nxg7+ Kf8 11.Bd2 Kxg7 12.a3 Be7 13.Nd5 Qd8 14.Nxe7 Qxe7 15.e5 Ne8
16.Qh5 d5 17.g4 Kg8 18.O-O-O h6 19.Rde1 Bd7 20.Qh3 Ng7 21.Qg2 Rc8 22.Kb1 f5
23.exf6 Qxf6 24.h4 h5 25.f5 hxg4 26.Bg5 Qd4 27.f6 Nf5 28.Rd1 Qe5 29.Bxf5 Qxf5
30.Rhf1 Qg6 31.f7+ Kf8 32.Rf6 Qh7 33.Qd2 Qe4 34.Bh6+ Ke7 35.Qg5 Kd6 36.f8=Q+ Rcxf8
37.Bxf8+ Kc7 38.Bg7 Rg8 39.Rf4 Qh7 40.Rxg4 Kc8 41.h5 e5 42.Qg6  1-0

[Event "Bundesliga 2006-7"]
[Site "Katernberg GER"]
[Date "2007.02.04"]
[Round "9"]
[White "Bauer,Ch"]
[Black "Motylev,A"]
[Result "1/2-1/2"]
[WhiteElo "2609"]
[BlackElo "2647"]

1.c4 e5 2.g3 Nf6 3.Bg2 d5 4.cxd5 Nxd5 5.Nc3 Nb6 6.Nf3 Nc6 7.O-O Be7 8.a3 O-O
9.b4 Be6 10.Rb1 f6 11.d3 Nd4 12.Nd2 c6 13.Nde4 Bf7 14.e3 Ne6 15.g4 Nd5 16.Qe2 Qd7
17.Rd1 Rfd8 18.h3 Bf8 19.Qb2 Ne7 20.Ne2 Ng6 21.N2g3 Nh4 22.Bh1 h6 23.Qc2 a5
24.Kh2 axb4 25.axb4 Nc7 26.f4 exf4 27.exf4 Nd5 28.Qf2 Qc7 29.b5 cxb5 30.Rxb5 Ra1
31.Ne2 Ng6 32.Rf1 Kh8 33.Bd2 Rxf1 34.Qxf1  1/2-1/2

[Event "Bundesliga 2006-7"]
[Site "Muelheim GER"]
[Date "2007.04.01"]
[Round "15"]
[White "Motylev,A"]
[Black "Socko,B"]
[Result "1/2-1/2"]
[WhiteElo "2647"]
[BlackElo "2629"]

1.e4 e6 2.d4 d5 3.Nc3 Nf6 4.e5 Nfd7 5.f4 c5 6.Nf3 Nc6 7.Be3 cxd4 8.Nxd4 Bc5
9.Qd2 O-O 10.O-O-O a6 11.Qf2 Bxd4 12.Bxd4 b5 13.Kb1 b4 14.Na4 Nxd4  1/2-1/2